| 000 | 00681nam a22002175a 4500 | ||
|---|---|---|---|
| 005 | 20180207115326.0 | ||
| 008 | 180207t1994 txua fr 000 0 eng d | ||
| 040 |
_aEG-ScBUE _beng _cEG-ScBUE _dEG-ScBUE |
||
| 082 | 0 | 4 |
_222 _a330.9 _bTOP |
| 100 | 1 |
_aTopsøe, Haldor, _d1913- |
|
| 245 | 1 | 0 |
_aHorizons : _bglobal challenges / _cHaldor Topsøe. |
| 260 |
_aHouston : _bAlpha Pub. Group, _cc.1994. |
||
| 300 |
_a228 p. : _bill. ; _c24 cm. |
||
| 541 | _aDonation from Bassem. | ||
| 650 | 7 |
_2BUEsh _936878 _aEconomic history. |
|
| 650 | 7 |
_2BUEsh _aPopulation policy. |
|
| 650 | 7 |
_2BUEsh _aEnergy development. _913100 |
|
| 651 | _2BUEsh | ||
| 653 |
_bGGEN _bBUSECO _cFebruary2018 |
||
| 942 | _2ddc | ||
| 999 |
_c26122 _d26094 |
||